| 000 | 00642nam a2200241Ia 4500 | ||
|---|---|---|---|
| 003 | OSt | ||
| 005 | 20221005123725.0 | ||
| 006 | a|||||r|||| 00| 0 | ||
| 007 | ta | ||
| 008 | 221004b |||||||| |||| 00| 0 kan d | ||
| 024 | _a59679 | ||
| 037 | _cTextual | ||
| 040 |
_aCRL _cCRL _bkan |
||
| 041 |
_2kan _akan |
||
| 082 | _aO33,1KLA,1, K9 | ||
| 100 |
_aRao C. K. Nagaraja Au. _9634123 |
||
| 245 | 0 | _aMahakavi lakshmishana sthala mattu kaala | |
| 260 | _c1969 | ||
| 650 | _a KANNAD POETRY | ||
| 650 | _aKANNAD LITERATURE | ||
| 942 |
_hO33,1KLA,1, K9 _cTEXL _2cc |
||
| 999 |
_c1048274 _d1048274 |
||